书目信息 |
| 题名: |
工业炉及其节能
|
|
| 作者: | 吴德荣 主编 | |
| 分册: | ||
| 出版信息: | 北京 机械工业出版社 1990 |
|
| 页数: | 589页 | |
| 开本: | 20cm | |
| 丛书名: | ||
| 单 册: | ||
| 中图分类: | TK17 | |
| 科图分类: | ||
| 主题词: | 工业炉窑--节能 | |
| 电子资源: | ||
| ISBN: | 978-7-111-01813-1 | |
| 000 | 00589nam0 2200217 450 | |
| 001 | 0100560382 | |
| 005 | 20101119102700.0 | |
| 010 | @a978-7-111-01813-1@dCNY18.60 | |
| 100 | @a20021005d1990 em y0chiy0110 ea | |
| 101 | 0 | @achi |
| 102 | @aCN@b110000 | |
| 105 | @ay z 000yy | |
| 106 | @ar | |
| 200 | 1 | @a工业炉及其节能@9Gong Ye Lu Ji Qi;Ji Jie Neng @f吴德荣等主编@b专著 |
| 210 | @a北京@c机械工业出版社@d1990 | |
| 215 | @a589页@d20cm | |
| 606 | 0 | @a工业炉窑@x节能 |
| 690 | @aTK17@v3 | |
| 701 | 0 | @a吴德荣@9wu de rong@4主编 |
| 801 | 0 | @aCN@bAiZhiMarc |
| 905 | @aBZT@dTK17@e4@f3@sTK17/4 | |
| 工业炉及其节能/吴德荣等主编.-北京:机械工业出版社,1990 |
| 589页;20cm |
| ISBN 978-7-111-01813-1:CNY18.60 |
| ● |
| 相关链接 |
|
|
|
正题名:工业炉及其节能
索取号:TK17/4
 
预约/预借
| 序号 | 登录号 | 条形码 | 馆藏地/架位号 | 状态 | 备注 |
| 1 | 2000122505 | 2000122505 | 旧书回溯/ [索取号:TK17/4] | 在馆 | |
| 2 | 2000122506 | 2000122506 | 旧书回溯/ [索取号:TK17/4] | 在馆 | |
| 3 | 2000122507 | 2000122507 | 旧书回溯/ [索取号:TK17/4] | 在馆 |